Geography Quiz

Random Geography or State Quiz

Two-Word States and State Capitals Quiz Stats

Quiz Updated Jul 6, 2016

Challenge
Share
Tweet
Embed
Score 0/18 Timer 03:00
0 Plays Today
% Correct
New York
96.8%
North Dakota
96.6%
South Dakota
96.4%
North Carolina
95.9%
South Carolina
95.8%
New Jersey
92.4%
New Mexico
92.1%
New Hampshire
88.5%
West Virginia
85.4%
% Correct
Rhode Island
70.7%
Carson City, NV
59.8%
Oklahoma City, OK
59%
Baton Rouge, LA
58.4%
Jefferson City, MO
56.9%
Saint Paul, MN
49.1%
Des Moines, IA
48.7%
Santa Fe, NM
47.7%
Little Rock, AR
44.4%

You're not logged in!

Compare scores with friends on all Sporcle quizzes.
Sign Up with Email
OR
Log In

You Might Also Like...

Show Comments

Extras

Top Quizzes Today


Score Distribution

Your Account Isn't Verified!

In order to create a playlist on Sporcle, you need to verify the email address you used during registration. Go to your Sporcle Settings to finish the process.